Quizzes
Events
Quiz Creation
Community
Videos
Private Events
Remove Ads
Sign In
Join for FREE
Feedback
Dark Mode
Quiz Categories
Sports
Geography
Music
Movies
Television
Just For Fun
Miscellaneous
History
Literature
Language
Science
Gaming
Entertainment
Religion
Holiday
For Kids
Quiz Lab
Recent
Popular Today
Quiz Kudos Today
Editor Picks
Curator Picks
Quizzes by...
Day
Popularity
Type
Ratings
Length
Year
Community
Subscriptions
Recent Discussions
Orange Saloon
Badges
Playlists
Quests
Create
Leaderboards
Showdown
Live 5
Trivia Bingo
Activity
Puzzle Library
Sporcle Events
Private Events
Virtual Trivia
Globe League
Become a Host
Pub Owners
SporcleCon
Opinionation
Our Games
Videos
Blog
Mobile Apps
Partnerships
Remove Ads and Go Orange
Feedback
Geography
Country
Landmarks
City
State
Population
World
Capital
Continent
Flags
Europe
Africa
Asia
South America
North America
Oceania
Border
Canada
United Kingdom
Topography
United States
Geography
Country
Landmarks
City
State
Population
World
Capital
Continent
Flags
Europe
Africa
Asia
South America
North America
Oceania
Border
Canada
United Kingdom
Topography
United States
Random Quiz
Search Sporcle
×
Quiz Lab
Quiz Lab
Geography
World
Type in answers that appear in a list
Type in answers that appear in a list
Classic
Best Score? Go Orange.
The World's Richest Cities Stats
Can you name the The World's Richest Cities by Personal Net Earnings?
By
VitorBH
9m
70 Questions
492 Plays
492 Plays
492 Plays
Comments
Comments
Give Quiz Kudos
Give Quiz Kudos
-
- Ratings
hide this ad
Replay
Link that replays current quiz
Next Quiz
Link to next quiz in quiz playlist
You Got
0%
They Got
Avg Score
81%
Avg Friend Score
Upgrade to see
Score Distribution
Jump to the score distribution portion of the page
Score
0/70
Timer
09:00
0
Plays Today
Country
City
% Correct
United States
New York
96.7%
United Kingdom
London
95.9%
Ireland
Dublin
94.9%
Germany
Berlin
94.9%
France
Paris
94.7%
Norway
Oslo
93.5%
United States
Los Angeles
93.1%
Spain
Madrid
92.9%
Italy
Rome
91.5%
Spain
Barcelona
90.9%
Japan
Tokyo
90.7%
Australia
Sydney
90.2%
United States
Chicago
89.6%
Canada
Toronto
89%
Greece
Athens
88.8%
Russia
Moscow
88.4%
Denmark
Copenhagen
88.2%
Austria
Vienna
88%
United Arab Emirates
Dubai
87.6%
Luxembourg
Luxembourg
87.4%
Germany
Munich
87.4%
Finland
Helsinki
87.2%
Netherlands
Amsterdam
87.2%
South Korea
Seoul
86.8%
China
Beijing
86.6%
Portugal
Lisbon
86.4%
Belgium
Brussels
86.2%
Sweden
Stockholm
86.2%
Mexico
Mexico City
86%
Italy
Milan
85.6%
Switzerland
Zurich
84.3%
Canada
Montreal
84.1%
Singapore
Singapore
84.1%
Poland
Warsaw
83.7%
Czech Republic
Prague
83.5%
Country
City
% Correct
Turkey
Istanbul
82.3%
China
Shanghai
81.9%
Germany
Frankfurt
81.3%
United States
Miami
80.7%
Brazil
Rio de Janeiro
80.5%
Argentina
Buenos Aires
80.3%
Switzerland
Geneva
79.7%
Thailand
Bangkok
79.7%
Brazil
Sao Paulo
79.5%
Peru
Lima
79.1%
Chile
Santiago
78.7%
India
Mumbai
78.5%
South Africa
Johannesburg
78.3%
Ukraine
Kiev
77.4%
China
Hong Kong
77.2%
Indonesia
Jakarta
77.2%
Hungary
Budapest
76.8%
Taiwan
Taipei
76.6%
Venezuela
Caracas
75.2%
Philippines
Manila
75.2%
New Zealand
Auckland
74.4%
India
Delhi
73.6%
Colombia
Bogota
72.8%
Romania
Bucharest
72.4%
Malaysia
Kuala Lumpur
70.5%
Bulgaria
Sofia
69.9%
France
Lyon
69.7%
Kenya
Nairobi
68.7%
Latvia
Riga
67.9%
Slovakia
Bratislava
64.6%
Cyprus
Nicosia
63.8%
Estonia
Tallinn
61.6%
Lithuania
Vilnius
58.1%
Slovenia
Ljubljana
52.4%
Bahrain
Manama
42.3%
Quiz Playlist
Details
Report
Send in Message
Add To Playlist
Classic:
Type in answers that appear in a list
Quiz Source
Last Updated: Feb 16, 2017
Quiz Scoreboard
CHALLENGE
Sign Up to Join the Scoreboard
Show All
Scores
Hide
Comments
May contain spoilers
Recently Published
Alphabetical 'K' Countries by Flag Minefield
by ylime102
Geography
3m
Pick 6: Fruits
by JohnFran
Miscellaneous
15s
Click the 1999 NBA Draft
by nibperrychub
Sports
2m
More to Explore
Quiz From the Vault
Featured Blog Post
15 Basketball Trivia Facts You Can Be March Mad About
hide this ad
You Might Also Like...
Tags
City Quiz
Country Quiz
World Quiz
Earning
Index
net
Personal
richest
Today's Top Quizzes in Geography
Browse Geography
hide this ad
Today's Top Quizzes in World
Browse World
Top Contributed Quizzes in Geography
1
Countries of the World - No Outlines Minefield
2
Alphabetical 'L' Countries By Flag Minefield
3
Pick 6: Mountains
4
Pick 6: US States
5
Complete the Map Snippet (Minefield) IX
6
Pick 6: National Parks
7
Find the Landmarks A-Z
8
Erase Asia (No Outlines or Skips)
9
Least Populated Answer: 'G' Countries
10
Complete the Map Snippet (Minefield) XIV
Explore More
Trending Topics
Kpop
Disney
Crossword
NBA
Harry Potter
Anime
Marvel
Country
Puzzle
NFL
Pokémon
Soccer
WWE
The Office
Song
hide this ad
More By:
VitorBH
Quiz
Plays
Rating
Category
Featured
Created
Top 25 Greatest Americans
4,865
2.31
History
Mar 27, 2010
Top 50 cities: Quality of living ranking
2,990
3.86
Geography
May 26, 2010
Urban Population (%) 2010
2,857
4.32
Geography
Mar 30, 2010
100 Greatest Britons
2,854
3.56
History
Mar 26, 2010
1950 Most Populated Countries
1,575
2.65
Geography
Mar 30, 2010
Go to Creator's Profile
Score Distribution
Quiz Creator Spotlight
VitorBH
Follow
Send a Message
Quizzes Created
-
Created Quiz Play Count
-
More By This Creator
Popular Quizzes Today
1
Find the US States - No Outlines Minefield
2
Countries of Asia Without Outlines Minefield
3
Pick 6: Fruits
4
The Countries of the World
5
Alphabetical 'K' Countries by Flag Minefield
6
Find the US States
7
Click the 1999 NBA Draft
8
Match the Book to the Film X
More Geography Quizzes
Asia: What Does It Border?
Published
Trending Quizzes
Pick 6: Harry Potter
Pick 6: Mountains
Pick 6: NFL Teams
Pick 6: Movie Franchises
Pick 6: Golfers
Recently Updated
Women's Final Four Teams by Year
bhenderson79
Presidents Quartet II
eogle
Anything But Clue(do)
eogle
Anything But Oceanian Capitals
eogle
Anything But 7
eogle
Anything But Thing
eogle
Word Ladder: February 29
pecheneg
Song Title Questions
pecheneg
Women's NCAA Tournament #1 Seeds
pecheneg
Celebrity Mug Shots
pecheneg
Trending Topics
Disney
NBA
Crossword
Marvel
Kpop
Harry Potter
Anime
Pokémon
Song
NFL
WWE
Soccer
Country
Puzzle
The Office
Your Account Isn't Verified!
In order to create a playlist on Sporcle, you need to verify the email address you used during registration. Go to your
Sporcle Settings
to finish the process.
Report this User
Report this user for behavior that violates our
Community Guidelines
.
Details:
Send Report
Go to the Sporcle.com Mobile Site →
Comments